000 nam a22 a 4500
999 _c4082
_d4082
003 AKMAL
005 20170525092029.0
008 170525s1989 my a 00 eng d
020 _a9839631004 :
_cRM37.50
040 _aAKMAL
_cAKMAL
082 0 4 _a923.43 ABA
_222
090 _a923.43
_bABA
100 _aMohamed Salleh Abas,
_cTun,
_d1929-
_97988
245 1 _aMay day for justice :
_bThe Lord President's version /
_cTun Mohamed Salleh Abas
260 0 0 _aKuala Lumpur :
_bMagnus Books ,
_c1989
300 0 0 _axxxiv,353p. :
_bill. ;
_c23cm.
600 0 _aMohamed Salleh bin Abas,
_cTun,
_d1929-
_97989
650 _aJustice and politics
_zMalaysia
_97990
650 _aJudges
_zMalaysia
_97991
650 _aDisqualification of judges
_zMalaysia
_93782
942 _2ddc
_cBOOK